[Event "HUN-chT2 Barcza 1819"]
[Site "Hungary"]
[Date "2019.03.31"]
[Round "10.4"]
[White "Szabo, Istvan1111"]
[Black "Borsavolgyi, Tamas"]
[Result "0-1"]
[WhiteElo "1847"]
[BlackElo "2216"]
[PlyCount "98"]
[EventDate "2018.09.23"]
[EventType "team-tourn"]
[EventRounds "11"]
[EventCountry "HUN"]
[SourceTitle "EXT 2021"]
[Source "ChessBase"]
[SourceDate "2020.10.23"]
[SourceVersion "1"]
[SourceVersionDate "2020.10.23"]
[SourceQuality "1"]
[WhiteTeam "Hajduszoboszlo"]
[BlackTeam "Nyiregyhaza SISE"]
[WhiteTeamCountry "HUN"]
[BlackTeamCountry "HUN"]

1. e4 c5 2. Nf3 e6 3. d4 cxd4 4. Nxd4 a6 5. Bd3 g6 6. 0-0 Bg7 7. Be3 Ne7 8. c4 Nbc6 9. Nxc6 bxc6 10. Nc3 0-0 11. c5 f5 12. exf5 gxf5 13. Bg5 Qe8 14. Qd2 Nd5 15. Nxd5 cxd5 16. Bh6 Rf7 17. Bxg7 Rxg7 18. f4 Bb7 19. Be2 Qe7 20. Qd4 a5 21. a3 a4 22. Rfc1 Bc6 23. Rc3 Rg6 24. Rg3 Qg7 25. Qxg7+ Kxg7 26. b4 axb3 27. Rxb3 Ra5 28. a4 Rxa4 29. Rxa4 Bxa4 30. Rb4 Bc6 31. Bb5 Bxb5 32. Rxb5 Kf6 33. Rb7 Rg7 34. g3 h5 35. Kf2 h4 36. Rc7 hxg3+ 37. hxg3 Rg8 38. Kf3 Ra8 39. Rxd7 Rc8 40. g4 fxg4+ 41. Kxg4 Rxc5 42. Kf3 Rc3+ 43. Ke2 Rg3 44. Kf2 Ra3 45. Ke2 Kf5 46. Rf7+ Ke4 47. Re7 Ra2+ 48. Ke1 Ra6 49. Rf7 Ke3 0-1

[Event "HUN-chT2 Barcza 1819"]
[Site "Hungary"]
[Date "2018.10.07"]
[Round "2.5"]
[White "Kantor, Sandor"]
[Black "Borsavolgyi, Tamas"]
[Result "0-1"]
[WhiteElo "1896"]
[BlackElo "2216"]
[PlyCount "80"]
[EventDate "2018.09.23"]
[EventType "team-tourn"]
[EventRounds "11"]
[EventCountry "HUN"]
[SourceTitle "CBM 189 Extra"]
[Source "ChessBase"]
[SourceDate "2019.06.03"]
[SourceVersion "1"]
[SourceVersionDate "2019.06.03"]
[SourceQuality "1"]
[WhiteTeam "Debrecen Sakkiskola"]
[BlackTeam "Nyiregyhaza SISE"]
[WhiteTeamCountry "HUN"]
[BlackTeamCountry "HUN"]

1. e4 g6 2. d4 Bg7 3. Nc3 c6 4. f4 Qb6 5. Nf3 d5 6. e5 f6 7. Na4 Qc7 8. Nc5 Nh6 9. Be2 b6 10. Nd3 Bf5 11. 0-0 Nd7 12. exf6 exf6 13. c3 0-0 14. Nf2 Rfe8 15. Bd3 Be6 16. g3 c5 17. Re1 Re7 18. Bd2 Rae8 19. Kg2 Nf7 20. Rc1 Nd6 21. b4 Nc4 22. Qc2 Bf7 23. Rxe7 Rxe7 24. Re1 Rxe1 25. Nxe1 cxb4 26. cxb4 b5 27. Nf3 Qb7 28. Bc1 Bf8 29. a3 Nb8 30. h4 Nc6 31. h5 Kg7 32. hxg6 hxg6 33. Qc3 Qc8 34. g4 Nxb4 35. Bxc4 Na2 36. Qb2 Qxc4 37. Bd2 b4 38. axb4 Nxb4 39. g5 Qe2 40. gxf6+ Kxf6 0-1

[Event "HUN-chT2 Barcza 1617"]
[Site "Hungary"]
[Date "2017.04.09"]
[Round "11.1"]
[White "Borsavolgyi, Tamas"]
[Black "Cselenyi, Balazs"]
[Result "1/2-1/2"]
[WhiteElo "2259"]
[BlackElo "2233"]
[PlyCount "30"]
[EventDate "2016.09.25"]
[EventType "team-tourn"]
[EventRounds "11"]
[EventCountry "HUN"]
[SourceTitle "EXT 2021"]
[Source "ChessBase"]
[SourceDate "2020.10.23"]
[SourceVersion "1"]
[SourceVersionDate "2020.10.23"]
[SourceQuality "1"]
[WhiteTeam "Hajduszoboszlo"]
[BlackTeam "Debrecen Sakkbaratok"]
[WhiteTeamCountry "HUN"]
[BlackTeamCountry "HUN"]

1. e4 c5 2. Nf3 e6 3. d4 cxd4 4. Nxd4 a6 5. Be3 Qc7 6. Bd3 Nc6 7. Nd2 Nf6 8. 0-0 d5 9. Nxc6 bxc6 10. c4 Bd6 11. h3 0-0 12. cxd5 cxd5 13. Rc1 Qb8 14. exd5 Nxd5 15. Nc4 Bf4 1/2-1/2

[Event "HUN-chT2 Barcza 1617"]
[Site "Hungary"]
[Date "2017.02.12"]
[Round "8.1"]
[White "Hajbok, Robert"]
[Black "Borsavolgyi, Tamas"]
[Result "1/2-1/2"]
[WhiteElo "2353"]
[BlackElo "2259"]
[PlyCount "115"]
[EventDate "2016.09.25"]
[EventType "team-tourn"]
[EventRounds "11"]
[EventCountry "HUN"]
[SourceTitle "EXT 2021"]
[Source "ChessBase"]
[SourceDate "2020.10.23"]
[SourceVersion "1"]
[SourceVersionDate "2020.10.23"]
[SourceQuality "1"]
[WhiteTeam "Nyiregyhaza SISE"]
[BlackTeam "Hajduszoboszlo"]
[WhiteTeamCountry "HUN"]
[BlackTeamCountry "HUN"]

1. e4 c5 2. Nf3 e6 3. d4 cxd4 4. Nxd4 Bc5 5. Nb3 Bb6 6. Nc3 Ne7 7. Qe2 d5 8. e5 0-0 9. Bg5 Nbc6 10. f4 f6 11. exf6 gxf6 12. Bh6 Rf7 13. g4 Nd4 14. Nxd4 Bxd4 15. Qd3 Qb6 16. 0-0-0 Be3+ 17. Kb1 Bd7 18. Bh3 Rc8 19. Rde1 d4 20. Nd1 Nd5 21. Nxe3 Nxe3 22. Rxe3 dxe3 23. Re1 Ba4 24. b3 Rd7 25. Qxe3 Qxe3 26. Rxe3 Rd1+ 27. Kb2 Bd7 28. Re2 Kf7 29. a4 Bc6 30. Rf2 Kg6 31. g5 f5 32. Bf1 Be4 33. Bc4 Kf7 34. h4 Rcd8 35. Be2 R1d2 36. Bh5+ Ke7 37. Rxd2 Rxd2 38. g6 Rxc2+ 39. Ka3 hxg6 40. Bxg6 Kf6 41. h5 Bd5 42. Bf8 Rc3 43. Kb4 Rxb3+ 44. Kc5 Rc3+ 45. Kd6 Bb3 46. Be8 Rd3+ 47. Kc7 e5 48. fxe5+ Kxe5 49. Bg7+ Kf4 50. Kxb7 a5 51. Kb6 Kg5 52. h6 Bg8 53. Kxa5 f4 54. Bb5 Rd5 55. Kb6 f3 56. Bc4 Rd6+ 57. Kc7 Bxc4 58. Kxd6 1/2-1/2

[Event "HUN-chT2 Barcza 1415"]
[Site "Hungary"]
[Date "2015.03.01"]
[Round "?"]
[White "Mizik, Zsolt"]
[Black "Borsavolgyi, Tamas"]
[Result "0-1"]
[WhiteElo "2044"]
[BlackElo "2225"]
[PlyCount "38"]
[EventDate "2014.09.07"]
[EventType "team-tourn"]
[EventRounds "11"]
[EventCountry "HUN"]
[SourceTitle "EXT 2016"]
[Source "ChessBase"]
[SourceDate "2015.10.08"]
[SourceVersion "1"]
[SourceVersionDate "2015.10.08"]
[SourceQuality "1"]
[WhiteTeam "Tiszavasvar"]
[BlackTeam "Hajduszoboszlo"]
[WhiteTeamCountry "HUN"]
[BlackTeamCountry "HUN"]

1. e4 c5 2. Bc4 e6 3. Nc3 Nc6 4. d3 a6 5. a4 Nf6 6. Bg5 h6 7. Bxf6 Qxf6 8. Nge2 b6 9. 0-0 Bb7 10. f4 Qd8 11. Ng3 Be7 12. Qh5 g6 13. Qh3 Qc7 14. e5 Nd4 15. Rf2 0-0-0 16. Re1 d5 17. exd6 Bxd6 18. Nge4 Bxf4 19. Ref1 g5 0-1

[Event "HUN-chT2 Barcza 1314"]
[Site "Hungary"]
[Date "2014.03.23"]
[Round "9"]
[White "Borsavolgyi, Tamas"]
[Black "Bartha, Laszlo"]
[Result "1-0"]
[WhiteElo "2224"]
[BlackElo "2042"]
[PlyCount "59"]
[EventDate "2013.09.08"]
[EventType "team-tourn"]
[EventRounds "11"]
[EventCountry "HUN"]
[SourceTitle "EXT 2016"]
[Source "ChessBase"]
[SourceDate "2015.10.08"]
[SourceVersion "1"]
[SourceVersionDate "2015.10.08"]
[SourceQuality "1"]
[WhiteTeam "Hajduszoboszlo"]
[BlackTeam "Tiszavasvar"]
[WhiteTeamCountry "HUN"]
[BlackTeamCountry "HUN"]

1. e4 c5 2. Nf3 g6 3. d4 Bg7 4. Nc3 cxd4 5. Nxd4 Nc6 6. Be3 d6 7. Qd2 Nxd4 8. Bxd4 Nf6 9. f3 0-0 10. g4 a6 11. 0-0-0 b5 12. h4 Be6 13. Nd5 Bxd5 14. exd5 Qc7 15. h5 Rfc8 16. Bd3 Qb7 17. hxg6 Qxd5 18. gxf7+ Qxf7 19. Kb1 e5 20. g5 exd4 21. gxf6 Qxf6 22. Bxh7+ Kf8 23. Bd3 Ra7 24. Rdg1 Rf7 25. Qa5 Rc6 26. Rg6 Qe7 27. Re1 Qc7 28. Qd2 d5 29. Qb4+ Kg8 30. Re8+ 1-0

[Event "HUN-chT2 Maroczy 1112"]
[Site "Hungary"]
[Date "2012.03.11"]
[Round "7"]
[White "Borsavolgyi, Tamas"]
[Black "Vidic, Stevan"]
[Result "1/2-1/2"]
[WhiteElo "2241"]
[BlackElo "2296"]
[PlyCount "21"]
[EventDate "2011.09.25"]
[EventType "team-tourn"]
[EventRounds "11"]
[EventCountry "HUN"]
[SourceTitle "EXT 2013"]
[Source "ChessBase"]
[SourceDate "2012.11.22"]
[SourceVersion "1"]
[SourceVersionDate "2012.11.22"]
[SourceQuality "1"]
[WhiteTeam "Hajduszoboszlo"]
[BlackTeam "Roszke"]
[WhiteTeamCountry "HUN"]
[BlackTeamCountry "HUN"]

1. e4 c5 2. Nf3 Nc6 3. Nc3 d6 4. d4 cxd4 5. Nxd4 Nf6 6. Bg5 e6 7. Qd2 Be7 8. 0-0-0 a6 9. f3 Nxd4 10. Qxd4 Qc7 11. f4 1/2-1/2

[Event "HUN-chT2 Maroczy 1112"]
[Site "Hungary"]
[Date "2011.11.13"]
[Round "3"]
[White "Papp, Abel"]
[Black "Borsavolgyi, Tamas"]
[Result "1/2-1/2"]
[WhiteElo "2192"]
[BlackElo "2241"]
[PlyCount "22"]
[EventDate "2011.09.25"]
[EventType "team-tourn"]
[EventRounds "11"]
[EventCountry "HUN"]
[SourceTitle "EXT 2013"]
[Source "ChessBase"]
[SourceDate "2012.11.22"]
[SourceVersion "1"]
[SourceVersionDate "2012.11.22"]
[SourceQuality "1"]
[WhiteTeam "Miskolc EMSE"]
[BlackTeam "Hajduszoboszlo"]
[WhiteTeamCountry "HUN"]
[BlackTeamCountry "HUN"]

1. e4 c5 2. Nf3 e6 3. d3 d5 4. Qe2 Nf6 5. g3 Nc6 6. Bg2 d4 7. e5 Nd5 8. 0-0 Qc7 9. Re1 h6 10. h4 Bd7 11. c3 dxc3 1/2-1/2

[Event "HUN-chT2 Maroczy 1112"]
[Site "Hungary"]
[Date "2011.09.25"]
[Round "1"]
[White "Seres, Bela"]
[Black "Borsavolgyi, Tamas"]
[Result "1/2-1/2"]
[WhiteElo "2239"]
[BlackElo "2241"]
[PlyCount "30"]
[EventDate "2011.09.25"]
[EventType "team-tourn"]
[EventRounds "11"]
[EventCountry "HUN"]
[SourceTitle "EXT 2013"]
[Source "ChessBase"]
[SourceDate "2012.11.22"]
[SourceVersion "1"]
[SourceVersionDate "2012.11.22"]
[SourceQuality "1"]
[WhiteTeam "Lila Futo"]
[BlackTeam "Hajduszoboszlo"]
[WhiteTeamCountry "HUN"]
[BlackTeamCountry "HUN"]

1. e4 Nf6 2. e5 Nd5 3. c4 Nb6 4. d4 d6 5. Nf3 Bg4 6. exd6 exd6 7. Be2 Be7 8. 0-0 0-0 9. Nc3 Nc6 10. b3 Re8 11. h3 Bxf3 12. Bxf3 Bg5 13. Bxc6 bxc6 14. Qf3 d5 15. cxd5 cxd5 1/2-1/2